Statistics for The Hobbit 2 Quotes

Click here to take the quiz!

General Stats

  • This quiz has been taken 59 times
  • The average score is 12 of 19

Answer Stats

QuoteCharacter% Correct
I belong with my brother!Fili
98%
That is my wee lad, Gimli!Gloin
98%
Everyone, climb into the barrels! Quickly!Bilbo Baggins
91%
My teeth are swords. My claws are spears. My wings are a HURRICANE!Smaug
91%
You turned away from the suffering of my people in the inferno that destroyed us!Thorin Oakenshield
85%
You like killing things, Orc? You like death? Then let me give it to you!Tauriel
81%
You have no right, no right to enter that mountain!Bard the Bowman
79%
I don't like dwarves. They are greedy and blind, blind to the lives of those they deem lesser than themselves... But orcs, I hate more.Beorn
79%
I freed his wretched head from his miserable shoulders.Thranduil
79%
Bilbo. His name is Bilbo!Balin
77%
I saw a fire moon once. It rose over the pass near Dunland. Huge! Red and gold it was, it filled the sky.Kili
62%
I say unto you... welcome! Welcome and thrice welcome, King under the Mountain!Master of Laketown
49%
What if it's a trap?Radagast the Brown
49%
Da? Why are there dwarves coming out our toilet?Sigrid
47%
Your head.Gandalf the Grey
43%
I don't care what he calls himself, I don't like him.Dwalin
32%
My master serves the one. Do you understand now, Elfling? Death is upon you! The flames of war are upon you.Narzug
6%
They are in league, the dragon and the One!Thrain
6%
You and me both.Percy
2%

Score Distribution

Percentile by Number Answered

Percent of People with Each Score

Your Score History

You have not taken this quiz